000 00440nam a2200193Ia 4500
008 210210b1961 xxu||||| |||| 00| 0 eng d
041 _aeng
082 _a940/58
100 _aEDWARDS (Michael)
245 _aAsia in the European age
260 _aBombay
_bAsia Publishing House
_c1961
650 _athe
650 _ain
650 _aEuropean
650 _aAsia
650 _aage
690 _aEuropean History
906 _a025128
999 _c150977
_d150977